| 000 | 00920nam a2200289 a 4500 | ||
|---|---|---|---|
| 001 | 2591738 | ||
| 003 | OSt | ||
| 005 | 20110907151116.0 | ||
| 008 | 961009s1996 enk 001 0 eng c | ||
| 010 | _a 96207441 | ||
| 020 | _a0406081859 | ||
| 040 |
_aMoSU-L _cMoSU-L |
||
| 042 | _apcc | ||
| 043 | _ae-uk--- | ||
| 050 | 1 | 4 |
_aKD7499 _b.K43 1996 |
| 082 | _a347.06 KEA | ||
| 100 | 1 |
_aKeane, Adrian, _cLL.B. _91852 |
|
| 245 | 1 | 4 |
_aThe modern law of evidence / _cAdrian Keane. |
| 250 | _a4th ed. | ||
| 260 |
_aLondon : _bButterworths ; _aCharlottesville, Va. : _bMichie, _c1996. |
||
| 300 |
_alxxviii, 628 p. ; _c24 cm. |
||
| 500 | _aIncludes index. | ||
| 650 | 0 |
_aEvidence (Law) _zGreat Britain. _91853 |
|
| 906 |
_a7 _bcbc _cpccunad _du _encip _f19 _gy-gencatlg |
||
| 942 |
_2ddc _cBK |
||
| 999 |
_c641 _d641 |
||